Normal view MARC view
  • Zohaib Sattar Nagra

Entry Personal Name

Number of records used in: 1

001 - CONTROL NUMBER

  • control field: 20821

003 - CONTROL NUMBER IDENTIFIER

  • control field: NUST

005 - DATE AND TIME OF LATEST TRANSACTION

  • control field: 20190917091448.0

008 - FIXED-LENGTH DATA ELEMENTS

  • fixed length control field: 190917|| aca||aabn | a|a d

040 ## - CATALOGING SOURCE

  • Original cataloging agency: NUST
  • Transcribing agency: NUST

100 ## - HEADING--PERSONAL NAME

  • Personal name: Zohaib Sattar Nagra

670 ## - SOURCE DATA FOUND

  • Source citation: Work cat.: (NUST): Zohaib Sattar Nagra, Performance based seismic assessment of a high rise reinforced concrete core wall buildingt. (MS Thesis - Str Engg.), 2019
© 2023 Central Library, National University of Sciences and Technology. All Rights Reserved.